Especies de aves con presión por el comercio ilegal en Colombia (Registro nro. 6387)
[ vista simple ]
| 000 -CABECERA | |
|---|---|
| Campo de control | 00844nam a2200241 a 4500 |
| 005 - FECHA Y HORA DE LA ULTIMA TRANSACCION | |
| Campo de control | 20180803165351.0 |
| 008 - ELEMENTOS DE LONGITUD FIJA—INFORMACION GENERAL | |
| Campo de control | 140129b2007 ck ||||| |||| 00| 0 spa d |
| 041 ## - IDIOMA | |
| Código de idioma para texto/pista de sonido o título separado | Español |
| 044 ## - PAÍS DE PUBLICACIÓN | |
| País de publicación | Colombia |
| 090 ## - CLASIFICACIÓN LOCAL | |
| Colección | IAVH |
| Consecutivo | 00973 |
| 100 ## - ASIENTO PRINCIPAL--NOMBRE PERSONAL | |
| Nombre personal | Franco, Ana María |
| 245 ## - MENCION DE TITULO | |
| Título | Especies de aves con presión por el comercio ilegal en Colombia |
| 260 ## - PUBLICACION, DISTRIBUCION, ETC. (PIE DE IMPRENTA) | |
| Lugar de publicación, distribución, etc. | Bogotá |
| Nombre del editor, distribuidor, etc. | Instituto Alexander von Humboldt |
| Fecha de publicación, distribución, etc. | 2007 |
| 300 ## - DESCRIPCION FISICA | |
| Extensión | Plegable |
| 520 ## - NOTA DE RESUMEN, ETC. | |
| Nota de resumen | Tiene el propósito de informar sobre las especies de aves amenazadas por el comercio ilegal, que se consideran focales ya que requieren especial atención para su conservación |
| 650 ## - ASIENTO SECUNDARIO DE MATERIA - TERMINO TEMATICO | |
| Término temático o nombre geográfico como elemento de entrada | Plegable |
| 650 ## - ASIENTO SECUNDARIO DE MATERIA - TERMINO TEMATICO | |
| Término temático o nombre geográfico como elemento de entrada | Comercio ilegal |
| 650 ## - ASIENTO SECUNDARIO DE MATERIA - TERMINO TEMATICO | |
| Término temático o nombre geográfico como elemento de entrada | Aves |
| 700 ## - ASIENTO SECUNDARIO - NOMBRE PERSONAL | |
| Nombre personal | Baptiste, María Piedad |
| 700 ## - ASIENTO SECUNDARIO - NOMBRE PERSONAL | |
| Nombre personal | Devenish, Christian |
| 942 ## - ELEMENTOS ADICIONALES (KOHA) | |
| Tipo de ítem | CD-ROM |
| Sistema de clasificación | Local |
| 945 ## - PROCESAMIENTO LOCAL | |
| AAAA-MM-DD - Fecha de ingreso o modificacion | 2008-07-11 |
| Withdrawn status | Lost status | Sistema de Clasificación | Damaged status | No para préstamo | Colección | Ubicación Permanente | Ubicación actual | Fecha de adquisición | Total Checkouts | Número topográfico | Inventario / Código de Barras | Date last seen | Ejemplar | Price effective from | Forma de adquisición | Tipo de material | Inventariado | Date checked out |
|---|---|---|---|---|---|---|---|---|---|---|---|---|---|---|---|---|---|---|
| Local | Humboldt | Bogotá | Bogotá | 11/07/2008 | FH-0023 | 026124 | 04/12/2012 | Ej. 1 | 04/12/2012 | Folleto | ||||||||
| Local | Audiovisual | Bogotá | Bogotá | 19/12/2013 | IAVH-00973 | 059388 | 19/12/2013 | Ej. 2 | 19/12/2013 | CD-ROM | ||||||||
| Local | Humboldt | Bogotá | Bogotá | 29/05/2014 | 1 | FH-0023 | 038066 | 10/09/2018 | Ej. 2 | 29/05/2014 | Folleto | 10/09/2018 | ||||||
| Local | Hemeroteca | Bogotá | Bogotá | 09/06/2017 | FH-0023 | 041396 | 09/06/2017 | Ej.1 | 09/06/2017 | Institucional | Folleto | |||||||
| Local | Humboldt | Villa de Leyva | Villa de Leyva | 17/12/2008 | IAVH-00973 | 026680 | 18/04/2013 | Ej. 1 | 04/12/2012 | Institucional | Folleto | Inventariado 2017 |